[Event "ITT Benko Club Argentino"]
[Site "Buenos Aires ARG"]
[Date "2010.03.08"]
[Round "1"]
[White "Granara Barreto,S"]
[Black "Filion,C"]
[Result "0-1"]
[WhiteElo "2209"]
[BlackElo "2217"]

1.Nf3 d5 2.c4 e6 3.e3 Nf6 4.Nc3 c5 5.d4 Nc6 6.Be2 a6 7.a4 dxc4 8.Bxc4 cxd4
9.exd4 Be7 10.O-O O-O 11.Re1 Nb4 12.Bg5 Nfd5 13.Bxe7 Nxe7 14.Qe2 b6 15.Rad1 Ned5
16.Qd2 Bb7 17.Ne4 Rc8 18.Bb3 a5 19.Rc1 Rxc1 20.Rxc1 Nf4 21.Re1 Nfd3 22.Re3 Ba6
23.Nc3 Qc7 24.Bc2 Nxc2 25.Qxc2 Nb4 26.Qb1 h6 27.h3 Rd8 28.Ne4 Qc6 29.Ne5 Qxa4
30.Nf6+ gxf6 31.Nxf7 Bd3 32.Rxd3 Kxf7 33.Rc3 f5 34.Qe1 Rxd4 35.Qe5 Qd1+ 36.Kh2 Rd7
37.Rg3 Qd6 38.Qg7+ Ke8 39.Qg8+ Ke7 40.Kg1 Qd1+ 41.Kh2 Qd6 42.Kg1 Qc7 43.Rg7+ Kd6
44.Rg6 Kc5 45.Rg3 Rd1+ 46.Kh2 Qd6 47.Qg7 Nd5 48.Qxh6 Qe5 49.Qf8+ Qd6 50.Qc8+ Kb5
51.Qe8+ Qc6 52.Qh5 Rd2 53.Rb3+ Nb4 54.Rc3 Qd6+ 55.g3  0-1

[Event "11th EICC Women"]
[Site "Rijeka CRO"]
[Date "2010.03.09"]
[Round "4"]
[White "Galojan,L"]
[Black "Gunina,V"]
[Result "1-0"]
[WhiteElo "2380"]
[BlackElo "2457"]

1.Nf3 d5 2.c4 c6 3.e3 Nf6 4.Nc3 g6 5.d4 Bg7 6.Bd3 O-O 7.h3 a6 8.O-O Nbd7
9.b3 b5 10.Qc2 Bb7 11.Rd1 Rc8 12.c5 Qc7 13.Bb2 a5 14.Ne2 Nh5 15.g4 Nhf6 16.Ne5 Ne8
17.f4 f6 18.Nxd7 Qxd7 19.f5 e5 20.dxe5 fxe5 21.fxg6 e4 22.gxh7+ Kh8 23.Bxe4 Qe7
24.Bf5 Rxf5 25.gxf5 Qxe3+ 26.Kg2 Bxb2 27.Qxb2+ Ng7 28.Ng3 Qxc5 29.f6 Ne6
30.Qe5 Qc2+ 31.Kg1 Qg6 32.Kf2 Rf8 33.Rf1 c5 34.Kg1 Rf7 35.Rf5 d4 36.Re1 d3
37.Kh2 Nf8 38.Qxc5 d2 39.Rd1 Nd7 40.Qc3 Kxh7 41.Rxd2 b4 42.Qd4 Nf8 43.Qh4+  1-0

[Event "81st ch-GER"]
[Site "Bad Liebenzell GER"]
[Date "2010.03.10"]
[Round "6"]
[White "Zeller,F"]
[Black "Meister,P"]
[Result "0-1"]
[WhiteElo "2420"]
[BlackElo "2407"]

1.Nf3 d5 2.c4 d4 3.b4 c5 4.g3 cxb4 5.a3 bxa3 6.Bg2 Nc6 7.Bxa3 e5 8.Bxf8 Kxf8
9.d3 g6 10.O-O Kg7 11.Nbd2 Nf6 12.Ra3 Qc7 13.e3 dxe3 14.fxe3 Ng4 15.d4 exd4
16.Qa1 Re8 17.exd4 f6 18.Kh1 Ne3 19.Rxe3 Rxe3 20.d5 Ne5 21.Qd4 Rd3 22.Qf4 Qe7
23.Re1 Bd7 24.Bf1 Ra3 25.Qd4 Re8 26.Nxe5 fxe5 27.Qb2 b6 28.Bg2 Rd3 29.Nf3 Qa3
30.Qxa3 Rxa3 31.Kg1 e4 32.Ng5 e3 33.Ne4 Re5 34.h4 h6 35.Rc1 Bf5 36.Nd6 e2
37.Kf2 e1=Q+ 38.Rxe1 Ra2+  0-1

[Event "11th EICC Women"]
[Site "Rijeka CRO"]
[Date "2010.03.10"]
[Round "5"]
[White "Kostiuk,T"]
[Black "Makka,I"]
[Result "1-0"]
[WhiteElo "2294"]
[BlackElo "2180"]

1.Nf3 d5 2.c4 c6 3.g3 dxc4 4.Bg2 b5 5.a4 Bb7 6.b3 b4 7.bxc4 c5 8.a5 e5 9.d3 Bd6
10.O-O Ne7 11.Bb2 Qc7 12.Nbd2 O-O 13.Nb3 a6 14.e3 Nd7 15.Rc1 Nc6 16.d4 Rad8
17.d5 Nxa5 18.Nbd2 Bc8 19.Qa4 Qb6 20.Ra1 Bc7 21.Nxe5 Nxe5 22.Bxe5 Bxe5 23.Qxa5 Qa7
24.Nb3 Bd6 25.e4 f6 26.f4 Rde8 27.Kh1 Re7 28.Rae1 Rfe8 29.Re2 Qc7 30.Rfe1 Qxa5
31.Nxa5 Bg4 32.Re3 g5 33.fxg5 fxg5 34.Nc6 Re5 35.Ra1 Bc8 36.Ra5 Bc7 37.Ra2 Rf5
38.Bh3 Rf7 39.Bxc8 Rxc8 40.e5 Rf1+ 41.Kg2 Rcf8 42.d6 Bb6 43.e6 Rd1 44.d7 Rff1
45.e7 g4 46.e8=Q+ Kg7 47.Qe7+ Kh8 48.Qe5+ Kg8 49.Qg5+  1-0

[Event "81st ch-GER"]
[Site "Bad Liebenzell GER"]
[Date "2010.03.12"]
[Round "8"]
[White "Vogel,Christi"]
[Black "Namyslo,H"]
[Result "1/2-1/2"]
[WhiteElo "2263"]
[BlackElo "2326"]

1.Nf3 d5 2.c4 e6 3.g3 Nf6 4.Bg2 Be7 5.O-O O-O 6.d4 dxc4 7.Qc2 a6 8.Qxc4 b5
9.Qc2 Bb7 10.Bf4 Bd6 11.Bxd6 cxd6 12.Nbd2 Nc6 13.a4 Qb6 14.axb5 axb5 15.Ne4 Nxe4
16.Qxe4 Ne5 17.Qf4 Nxf3+ 18.Bxf3 Bxf3 19.exf3 Ra4 20.Rxa4 bxa4 21.Ra1 Qb4
22.Qe4 d5 23.Qe5 h6 24.f4 Rc8 25.f5 Qxb2 26.Rxa4 Qb1+ 27.Kg2 Qxf5 28.Qxf5 exf5
29.Ra5 Rd8 30.Kf3 g5 31.Ra6 Kg7 32.h4 Rd7 33.Rb6 f6 34.Ra6 Kg6 35.Rb6 h5
36.hxg5 Kxg5 37.Rb5 f4 38.Ra5 fxg3 39.fxg3 f5 40.Ra8 Rd6 41.Rg8+ Rg6 42.Rd8 Ra6
43.Rg8+ Kf6 44.Rf8+ Kg5 45.Rg8+ Rg6 46.Rd8 Rb6 47.Rg8+ Kf6 48.Rf8+ Kg6 49.Rd8 Kg5
50.Rg8+ Kf6  1/2-1/2

[Event "26th ChessOrg Schachfestival"]
[Site "Bad Woerishofen GER"]
[Date "2010.03.12"]
[Round "7"]
[White "Hornung,H"]
[Black "Gradl,W"]
[Result "1-0"]
[WhiteElo "2139"]
[BlackElo "2035"]

1.Nf3 d5 2.c4 c6 3.e3 Nf6 4.Nc3 e6 5.b3 Nbd7 6.Qc2 Be7 7.Bb2 O-O 8.d4 b6
9.Bd3 Bb7 10.O-O Qc7 11.Rac1 Rac8 12.Qe2 Qb8 13.Bb1 Rfd8 14.Rcd1 Nf8 15.Ne5 dxc4
16.bxc4 c5 17.f4 g6 18.d5 exd5 19.Nxd5 Nxd5 20.cxd5 f6 21.Ng4 Bxd5 22.Bxf6 Qb7
23.Nh6+  1-0

[Event "11th EICC Women"]
[Site "Rijeka CRO"]
[Date "2010.03.12"]
[Round "7"]
[White "Danielian,E"]
[Black "Sedina,E"]
[Result "1-0"]
[WhiteElo "2487"]
[BlackElo "2334"]

1.Nf3 d5 2.c4 c6 3.e3 Nf6 4.Nc3 Bg4 5.Qb3 Qb6 6.Ne5 Be6 7.d4 Nbd7 8.Nxd7 Bxd7
9.Na4 Qc7 10.cxd5 Nxd5 11.Nc5 e5 12.Nxd7 Qxd7 13.e4 Nf6 14.dxe5 Nxe4 15.Bc4 Nc5
16.Qf3 Ne6 17.O-O Bc5 18.Be3 O-O 19.Bxc5 Nxc5 20.Qe3 Qe7 21.Rac1 Na4 22.Bb3 Nb6
23.f4 Rfe8 24.Qe4 Rad8 25.Rfe1 Nd7 26.Qe3 Qb4 27.Qxa7 Nf8 28.Qe3 Ne6 29.f5 Nd4
30.f6 Nxb3 31.Qg5 g6 32.axb3 Rd5 33.Qh6 Qf8 34.Qf4 h6 35.h4 c5 36.Rcd1 Red8
37.Rxd5 Rxd5 38.h5 gxh5 39.Qe4 Rd4 40.Qxb7 c4 41.b4 Rd8 42.Re3 Rd1+ 43.Kh2 Rd4
44.Ra3 Rh4+ 45.Kg1 Rd4 46.e6 Kh7 47.Qxf7+ Qxf7 48.exf7 Rd8 49.Rg3  1-0

[Event "FSIM March"]
[Site "Budapest HUN"]
[Date "2010.03.14"]
[Round "9"]
[White "Arsenault,N"]
[Black "Tran,T"]
[Result "1/2-1/2"]
[WhiteElo "2153"]
[BlackElo "2203"]

1.Nf3 d5 2.c4 c6 3.Qc2 Nf6 4.g3 Bg4 5.Bg2 Nbd7 6.d4 e6 7.O-O Be7 8.Nbd2 Bf5
9.Qb3 Qb6 10.Qxb6 axb6 11.b3 h6 12.Bb2 O-O 13.a4 Rfc8 14.Rac1 Ne4 15.Rfd1 Bf6
16.Ba1 Be7 17.Bb2 Bf6 18.Ba1 Be7  1/2-1/2

[Event "JNBS UWI Masters"]
[Site "Kingston JAM"]
[Date "2010.03.16"]
[Round "3"]
[White "Lorne,M"]
[Black "Matthews,S"]
[Result "0-1"]
[WhiteElo "2091"]
[BlackElo "2203"]

1.Nf3 d5 2.c4 c6 3.g3 Nf6 4.Bg2 e6 5.O-O Be7 6.b3 O-O 7.Bb2 Nbd7 8.d3 Re8
9.Nbd2 Bf8 10.Rc1 a5 11.a3 Bd6 12.e4 dxe4 13.Nxe4 Nxe4 14.dxe4 Qe7 15.a4 e5
16.Qc2 Nc5 17.Rcd1 Bg4 18.h3 Bh5 19.Rd2 Rad8 20.Nh4 Qc7 21.Ba3 Ne6 22.Bxd6 Rxd6
23.Nf5 Rxd2 24.Qxd2 Rd8 25.Qe3 f6 26.g4 Bf7 27.Bf3 Nf4 28.Be2 g6 29.Nh6+ Kg7
30.Nxf7 Kxf7 31.c5 Qd7 32.Re1 Qd2 33.Bc4+ Ke7 34.Kh2 Qc2 35.Kg3 Qd2 36.h4 Qb2
37.Qf3 Qd4 38.Qe3 h6 39.Kf3 Qb2 40.Qc1 Qxc1 41.Rxc1 Nd3 42.Rd1 Nxc5  0-1

[Event "Bunratty Masters"]
[Site "Bunratty IRL"]
[Date "2010.03.20"]
[Round "2"]
[White "Menzies,Colin"]
[Black "Baburin,A"]
[Result "0-1"]
[WhiteElo "2091"]
[BlackElo "2552"]

1.Nf3 d5 2.c4 e6 3.b3 Nf6 4.Bb2 Be7 5.g3 O-O 6.Bg2 c5 7.e3 Nc6 8.O-O d4 9.exd4 cxd4
10.d3 e5 11.a3 a5 12.Re1 Nd7 13.Qc2 f6 14.Nbd2 Nc5 15.Ne4 Nxe4 16.Rxe4 Bc5
17.Nd2 f5 18.Ree1 Qd6 19.Qd1 Bd7 20.Bd5+ Kh8 21.Nf3 Rae8 22.Ng5 Qg6 23.Qd2 e4
24.dxe4 f4 25.Nf7+ Rxf7 26.Bxf7 Qxf7 27.Qxf4 Qh5 28.Bc1 Ne5 29.Kf1 Bh3+ 30.Kg1 Rf8
31.g4 Rxf4  0-1

[Event "TCh-FIN 2009-10"]
[Site "Finland FIN"]
[Date "2010.03.20"]
[Round "8"]
[White "Sisatto,O"]
[Black "Salimaki,J"]
[Result "1/2-1/2"]
[WhiteElo "2258"]
[BlackElo "2205"]

1.Nf3 d5 2.c4 e6 3.g3 Nf6 4.Bg2 dxc4 5.Qc2 Nbd7 6.Qxc4 a6 7.O-O b5 8.Qc6 Rb8
9.Qc2 c5 10.d4 Bb7 11.Rd1 Rc8 12.Bg5 cxd4 13.Qd3 e5 14.Qf5 Bxf3 15.Bxf3 Be7
16.e3 g6 17.Qh3 e4 18.Bg2 d3 19.Nc3 O-O 20.Bxf6  1/2-1/2

[Event "TCh-SUI 2010"]
[Site "Switzerland SUI"]
[Date "2010.03.21"]
[Round "2.4"]
[White "Moor,R"]
[Black "Cremer,K"]
[Result "1-0"]
[WhiteElo "2365"]
[BlackElo "2110"]

1.Nf3 d5 2.c4 c6 3.g3 Nf6 4.Bg2 dxc4 5.O-O g6 6.Na3 b5 7.b3 cxb3 8.Qxb3 Be6
9.Qc2 Bg7 10.Bb2 O-O 11.Nd4 Bd5 12.e4 b4 13.Nc4 Bxc4 14.Qxc4 Ng4 15.f4 e5
16.h3 Nf6 17.fxe5 Nfd7 18.Rxf7 Rxf7 19.e6 Re7 20.exd7+ Kh8 21.Ne6 Rxe6 22.Bxg7+ Kxg7
23.Qxe6 Qxd7 24.Qe5+ Kg8 25.Bf1 Qf7 26.Qd4 c5 27.Qxc5 Nd7 28.Qxb4 Ne5 29.d4 Nf3+
30.Kg2 Rc8 31.Bd3 Ng5 32.Qb3 Ne6 33.Rf1  1-0

[Event "26th Budapest Spring Festival"]
[Site "Budapest HUN"]
[Date "2010.03.22"]
[Round "3"]
[White "Czibulka,Z"]
[Black "Nguyen Thi Mai Hung"]
[Result "1/2-1/2"]
[WhiteElo "2094"]
[BlackElo "2224"]

1.Nf3 d5 2.c4 c6 3.b3 Bf5 4.Bb2 e6 5.g3 Nf6 6.Bg2 h6 7.O-O Be7 8.d3 O-O 9.Nbd2 Bh7
10.Rc1 a5 11.a3 Nbd7 12.Qc2 Qb6 13.Qb1 Rfc8 14.Qa1 Ne8 15.d4 Qa6 16.Rfe1 Ndf6
17.c5 b6 18.Ne5 Qa7 19.cxb6 Qxb6 20.e3 c5 21.Bf1 Rab8 22.dxc5 Bxc5 23.Bd3 Bxd3
24.Nxd3 Bd6 25.Rxc8 Rxc8 26.Rc1 Rb8 27.Be5 Nd7 28.Bxd6 Nxd6 29.Rc2 Qb5 30.Qf1 Ne4
31.Nc1 Nxd2 32.Rxd2 Qc5 33.a4 Qb4 34.Qd1 Nf6 35.Rd4 Qb6 36.Rd3 Ne4 37.Kg2 Qb4
38.Rd4 Qb7 39.Rd3 Nc5 40.Rd2 Ne4 41.Rc2 Ng5 42.h4 d4+ 43.f3 Nh7 44.Qxd4 Nf6
45.e4 Ra8 46.Qc4 Rb8 47.Rc3 Rd8 48.Nd3 Qb6 49.Qc5 Qa6 50.Qe3 Nd7 51.Kf2 Qd6
52.Kg2 Ne5 53.Nxe5 Qxe5 54.Qc5 Rd2+ 55.Kh3 Qxc5 56.Rxc5 Rd3 57.Kg4 Rxb3 58.Rxa5 Ra3
59.h5 Kf8 60.Ra7 Ra1 61.e5 Re1 62.f4 Kg8 63.a5 Ra1 64.a6 Ra3 65.Ra8+ Kh7
66.Rf8 Rxa6 67.Rxf7 Kg8 68.Rd7 Ra3  1/2-1/2

[Event "26th Budapest Spring Festival"]
[Site "Budapest HUN"]
[Date "2010.03.24"]
[Round "5"]
[White "Czibulka,Z"]
[Black "Juhasz,A"]
[Result "1-0"]
[WhiteElo "2094"]
[BlackElo "1877"]

1.Nf3 d5 2.c4 c6 3.b3 Bg4 4.e3 Nf6 5.Bb2 e6 6.Be2 Nbd7 7.O-O Bd6 8.d3 O-O
9.Nc3 Qe7 10.h3 Bh5 11.Nh4 Bxe2 12.Qxe2 a6 13.f4 Ba3 14.Bxa3 Qxa3 15.g4 Qd6
16.g5 Ne8 17.Qf2 g6 18.Ne2 Ng7 19.e4 Rad8 20.Rad1 dxe4 21.dxe4 Qc5 22.Nf3 Qxf2+
23.Kxf2 Nc5 24.Ke3 a5 25.Ne5 Rfe8 26.Ng4 Nh5 27.Nf2 Kf8 28.Rd4 Rxd4 29.Kxd4 b6
30.Ke3 Rd8 31.Nd4 Rc8 32.Rd1 Ke7 33.Ng4 f6 34.gxf6+ Nxf6 35.Nxf6 Kxf6 36.Nf3 Ke7
37.Ne5 Rc7 38.h4 Nd7 39.Nf3 Nf6 40.Ne5 Nd7 41.Nf3 Nf6 42.Nd4 Ng4+ 43.Kf3 h5
44.e5 Nh6 45.Rg1 Ng4 46.Rg2 Kf7 47.Ke4 Ke7 48.Rd2 Nh6 49.a3 Ng4 50.Ra2 c5
51.Nb5 Rc8 52.Nd6 Ra8 53.Re2 Rd8 54.b4 axb4 55.axb4 cxb4 56.Rb2 Kd7 57.Rxb4 Kc6
58.Ra4 Nf6+ 59.exf6 Kxd6 60.Ra6 Rb8 61.c5+ Kxc5 62.Ke5 b5 63.Kxe6 b4 64.f7 b3
65.Ra1 b2 66.Rb1 Rb6+ 67.Ke5 Rb8 68.Rxb2 Rd8 69.Rc2+ Kb6 70.Kf6 Rd6+ 71.Ke7  1-0

[Event "TCh-NED 2009-10"]
[Site "Netherlands NED"]
[Date "2010.03.27"]
[Round "8"]
[White "Leenhouts,K"]
[Black "Winants,L"]
[Result "1/2-1/2"]
[WhiteElo "2409"]
[BlackElo "2536"]

1.Nf3 d5 2.c4 e6 3.g3 Nf6 4.Bg2 Be7 5.O-O O-O 6.d4 c6 7.Qc2 b6 8.Nbd2 Bb7
9.Rd1 Nbd7 10.b3 Rc8 11.Bb2 c5 12.Rac1 dxc4 13.Qxc4 cxd4 14.Qxd4 Rxc1 15.Rxc1 Bc5
16.Qa4 a6 17.b4 b5 18.Qb3 Bb6 19.Nd4 Bxg2 20.Kxg2 Bxd4 21.Bxd4 e5 22.Ba1 Qa8+
23.Qf3 e4 24.Qe3 Re8 25.Kg1 h6 26.Rc7 Nd5 27.Qd4 N7f6 28.Ra7 Qc8 29.e3 Rd8
30.Nxe4 Qc1+ 31.Kg2 Qc6 32.Kg1 Qc1+ 33.Kg2 Qc6 34.Kg1 Qc1+ 35.Kg2  1/2-1/2

[Event "ch-VIE"]
[Site "Ho Chi Minh City VIE"]
[Date "2010.03.30"]
[Round "7"]
[White "Nguyen Van Huy"]
[Black "Nguyen Thien Viet"]
[Result "1/2-1/2"]
[WhiteElo "2419"]
[BlackElo "2330"]

1.Nf3 d5 2.c4 c6 3.e3 Nf6 4.Nc3 a6 5.b3 Bf5 6.Bb2 h6 7.Be2 e6 8.O-O Nbd7
9.d3 Be7 10.Rc1 O-O 11.cxd5 cxd5 12.Rc2 Qa5 13.Qd2 Rfc8 14.Rfc1 Qd8 15.a3 Bh7
16.b4 a5 17.bxa5 Rcb8 18.Nb1 Rxa5 19.h3 Rba8 20.Nd4 Bg6 21.f4 e5 22.fxe5 Nxe5
23.Nb3 Rb5 24.Bxe5 Rxb3 25.Rc3 Rxc3 26.Qxc3 Qb6 27.Bd4 Qa6 28.Rc2 b5 29.Qb3 Qd6
30.Nd2 Rb8 31.Bc5 Qe6 32.Nf1 Bd8 33.Bd4 Be7 34.Bc5 Bd8 35.Qb4 Nd7 36.Bd6 Ra8
37.Bf4 Qa6 38.Qd6 Qxd6 39.Bxd6 Bf6 40.Rc7 Ne5 41.Bxe5 Bxe5 42.Rc5 Rxa3 43.d4 Bf6
44.Rxb5 Be4 45.Bf3 Bd3 46.Rb8+ Kh7 47.Ng3 Bg5 48.Re8 Bb5 49.Re5 Bxe3+ 50.Kh2 Bc4
51.h4 f6 52.Re7 Bxd4 53.Nh5 Ra7 54.Nxf6+ Kg6 55.Rxa7 Bxa7 56.Nxd5  1/2-1/2

[Event "XXXVII Open"]
[Site "La Roda Albacete ESP"]
[Date "2010.04.01"]
[Round "2"]
[White "Suba,M"]
[Black "Sanchez Alarcos Galian,V"]
[Result "1-0"]
[WhiteElo "2451"]
[BlackElo "2149"]

1.Nf3 d5 2.c4 c6 3.e3 Nf6 4.d4 a6 5.cxd5 cxd5 6.Ne5 Nc6 7.Nc3 e6 8.f4 Nxe5
9.fxe5 Nd7 10.Bd3 Be7 11.Qg4 O-O 12.e4 Kh8 13.exd5 exd5 14.Qf3 Nb6 15.O-O Be6
16.Ne2 Qd7 17.Qh5 g6 18.Qh6 Rg8 19.Bg5 Bxg5 20.Qxg5 Qd8 21.Qh6 Qf8 22.Qe3 Qe7
23.b3 Rac8 24.Rf4 Nd7 25.Raf1 Rc7 26.Qg3 Rc6 27.Rh4 Rg7 28.Rh6 Rc8 29.h4 Kg8
30.Qg5 Qxg5 31.hxg5 Kf8 32.Kf2 Ke7 33.Ke3 Rc7 34.Rfh1 Nf8 35.Kd2 Rg8 36.Nf4 Rd7
37.Rc1 Bg4 38.Rc5 Ne6 39.Nxe6 Kxe6 40.Rxh7 Re8 41.Rh4 Bf5 42.Be2 Ke7 43.Bf3 Be6
44.Rh1 Rb8 45.Rhc1 Rh8 46.Ke3 Rhd8 47.b4 Rh8 48.a4 Ra8 49.Kf4 Rdd8 50.a5 Rd7
51.b5 axb5 52.Rxb5 Kd8 53.Ke3 Ke7 54.Rcc5 Rad8 55.Rb6 Ra8 56.Kd2 Ke8 57.Kc3 Ke7
58.Kb4 Rh8 59.Be2 Rhd8 60.a6  1-0

[Event "XXXVII Open"]
[Site "La Roda Albacete ESP"]
[Date "2010.04.01"]
[Round "2"]
[White "Granero Roca,A"]
[Black "Valles Mata,D"]
[Result "1-0"]
[WhiteElo "2447"]
[BlackElo "2147"]

1.Nf3 d5 2.c4 e6 3.d4 Nf6 4.g3 dxc4 5.Bg2 c5 6.O-O a6 7.a4 Nc6 8.dxc5 Qxd1
9.Rxd1 Bxc5 10.Nbd2 c3 11.bxc3 Ke7 12.Nb3 Bd6 13.Nfd4 Bd7 14.Nxc6+ Bxc6 15.Bxc6 bxc6
16.Na5 Ne4 17.Rd3 Rhc8 18.f3 Bc5+ 19.Kg2 Nd6 20.Bf4 f6 21.Nb3 e5 22.Nxc5 exf4
23.Rad1 Rd8 24.gxf4 Nc4 25.Rd7+ Ke8 26.R1d4 Ne3+ 27.Kf2 Nf5 28.Re4+  1-0

[Event "Philadelphia Open"]
[Site "Philadelphia USA"]
[Date "2010.04.01"]
[Round "3"]
[White "Figler,I"]
[Black "Stripunsky,A"]
[Result "0-1"]
[WhiteElo "2297"]
[BlackElo "2559"]

1.Nf3 d5 2.c4 c6 3.e3 Nf6 4.b3 Bg4 5.Bb2 e6 6.h3 Bh5 7.Nc3 Nbd7 8.g4 Bg6
9.Nh4 Nc5 10.Nxg6 hxg6 11.cxd5 exd5 12.Qe2 Bd6 13.Bg2 Qe7 14.b4 Ne6 15.b5 O-O
16.d4 Rfe8 17.Kf1 Qd7 18.Qd3 Rac8 19.a4 Bb4 20.bxc6 Rxc6 21.Ne2 Rec8 22.Qb3 a5
23.Rd1 b5 24.axb5 Rc2 25.Rc1 Rxc1+ 26.Bxc1 Qxb5 27.Qd1 a4 28.f3 a3 29.Kf2 Be7
30.Bd2 Qb2 31.Bc1 Qc2 32.Bd2 a2 33.Qxc2 Rxc2 34.Bc3 Ne4+ 35.fxe4 Bh4+ 36.Kf3 Ng5+
37.Kf4 Rxe2  0-1

[Event "II Genset Cup"]
[Site "Szombathely HUN"]
[Date "2010.04.02"]
[Round "8"]
[White "Rachela,M"]
[Black "Farkas,Ga1"]
[Result "1-0"]
[WhiteElo "2363"]
[BlackElo "2245"]

1.Nf3 d5 2.c4 c6 3.e3 Nf6 4.Nc3 e6 5.Qc2 Nbd7 6.d4 Bd6 7.g4 Nxg4 8.Rg1 Nxh2
9.Nxh2 Bxh2 10.Rxg7 Nf8 11.Rg2 Bd6 12.Bd2 Ng6 13.Be2 h5 14.O-O-O h4 15.c5 Be7
16.Bd3 Nf8 17.e4 h3 18.Rh2 dxe4 19.Nxe4 f5 20.Nd6+ Bxd6 21.cxd6 Qxd6 22.Rdh1 Qd5
23.Bg5 Bd7 24.Rxh3 Qxh1+ 25.Rxh1 Rxh1+ 26.Kd2 Nh7 27.Bf4 Nf6 28.Qb3 b5 29.Be5 Nd5
30.Qa3 b4 31.Qa6 Ke7 32.Bc4 Rg8 33.Bxd5 exd5 34.Qxa7 Rgg1 35.Qc5+ Ke8 36.Qxb4 Rd1+
37.Ke3 Rh3+ 38.Kf4 Rg1 39.f3 Rf1 40.Bg7 Rfxf3+ 41.Kg5 Rfg3+ 42.Kf6 Rxg7 43.Qb8+  1-0

[Event "21st Pobeskydi TS Cup"]
[Site "Frydek-Mistek CZE"]
[Date "2010.04.03"]
[Round "6"]
[White "Poloch,P"]
[Black "Szwed,J"]
[Result "0-1"]
[WhiteElo "2275"]
[BlackElo "2259"]

1.Nf3 d5 2.c4 dxc4 3.e3 Nf6 4.Bxc4 e6 5.O-O c5 6.b3 Be7 7.Bb2 a6 8.d4 O-O
9.Qe2 Nbd7 10.Rd1 b5 11.Bd3 cxd4 12.Bxd4 Bb7 13.a4 b4 14.e4 Bc5 15.Bc2 Bxd4
16.Nxd4 Rc8 17.Ra2 Qb6 18.Nf3 a5 19.Nbd2 Ba6 20.Bd3 Bxd3 21.Qxd3 Rc3 22.Qb5 Qc7
23.Nd4 Qd6 24.Nc4 Qxd4 25.Rad2 Qc5  0-1

[Event "21st Pobeskydi Arcelor Mittal Cup"]
[Site "Frydek-Mistek CZE"]
[Date "2010.04.03"]
[Round "6"]
[White "Vysoglad,P"]
[Black "Trombik,K"]
[Result "0-1"]
[WhiteElo "2053"]
[BlackElo "2101"]

1.Nf3 d5 2.c4 d4 3.b4 f6 4.d3 e5 5.Qb3 a5 6.b5 Nd7 7.Nbd2 Nc5 8.Qc2 b6 9.g3 Bb7
10.Bg2 Bd6 11.O-O Ne7 12.e3 dxe3 13.fxe3 O-O 14.d4 Nd7 15.Bb2 Ng6 16.Ne4 Bxe4
17.Qxe4 Rb8 18.Qd5+ Kh8 19.Bh3 Re8 20.a4 exd4 21.Nxd4 Nde5 22.Ne6 Qe7 23.Bd4 Nf8
24.Nf4 Rbd8 25.Qb7 Nxc4 26.Nd5 Qe4 27.Bg2 Qg6 28.Nxf6 Rxe3 29.Qd5 Re6 30.Qxc4 gxf6
31.Qxe6 Nxe6 32.Bxf6+ Kg8 33.Bxd8 Nxd8 34.Bd5+ Kg7 35.Rae1 Qd3 36.Bg2 Qb3
37.Re4 h5 38.Rh4 Nf7 39.Rxh5 Qxa4 40.Rhf5 Ne5 41.Rg5+ Kh6 42.h4 Qd4+ 43.Kh1 Ng4
44.Bf3 Qc4 45.Kg1 Bc5+ 46.Kg2 Ne3+  0-1

[Event "21st Pobeskydi Arcelor Mittal Cup"]
[Site "Frydek-Mistek CZE"]
[Date "2010.04.04"]
[Round "8"]
[White "Pupak,Tomas"]
[Black "Jakubek,P"]
[Result "1-0"]
[WhiteElo "1908"]
[BlackElo "2148"]

1.Nf3 d5 2.c4 e6 3.b3 Nf6 4.Bb2 Be7 5.g3 O-O 6.Bg2 c6 7.O-O Nbd7 8.d4 b6
9.Nbd2 Bb7 10.Rc1 Rc8 11.Ne5 c5 12.e3 Qc7 13.Qe2 dxc4 14.Bxb7 Qxb7 15.Ndxc4 b5
16.Na5 Qa6 17.Nac6 Rxc6 18.Nxc6 Qxc6 19.dxc5 b4 20.a3 a5 21.axb4 axb4 22.Rc4 Rc8
23.Rxb4 Ra8 24.Bxf6 Bxf6 25.Qb5 Qxc5 26.Rd1 Qxb5 27.Rxb5 Ne5 28.Rb7 h5 29.b4 Ra2
30.h3 h4 31.g4 Rb2 32.b5 Nc4 33.Rdd7 Be5 34.f4 Bc3 35.Rbc7 Rb4 36.Rxf7 Nd6
37.Rfe7 Nxb5 38.Rc8+ Kh7 39.Rxe6 Rb1+ 40.Kg2 Rb2+ 41.Kf3 Be1 42.g5 Rf2+ 43.Kg4 Rg2+
44.Kh5 g6+ 45.Rxg6 Rd2 46.Rcg8 Rd7 47.f5 Nd6 48.f6 Nf5 49.Kg4 Nxe3+ 50.Kf3 Nc4
51.R6g7+ Rxg7 52.Rxg7+ Kh8 53.Ke4 Nd6+ 54.Kd5 Bg3 55.Ke6 Ne4 56.Kf5 Nd6+
57.Kg6 Be5 58.Re7 Bc3 59.f7 Bg7 60.Re8+  1-0

[Event "21st Pobeskydi Arcelor Mittal Cup"]
[Site "Frydek-Mistek CZE"]
[Date "2010.04.05"]
[Round "9"]
[White "Cajka,T"]
[Black "Wesolowski,E"]
[Result "1/2-1/2"]
[WhiteElo "1950"]
[BlackElo "1961"]

1.Nf3 d5 2.c4 c6 3.d4 e6 4.Nc3 dxc4 5.a4 Bb4 6.e4 b5 7.Be2 Nf6 8.Qc2 Bb7
9.O-O a6 10.Bg5 h6 11.Bh4 g5 12.Bg3 Nbd7 13.Rfd1 Qe7 14.Bf1 Bxc3 15.bxc3 O-O-O
16.Nd2 Nh5 17.e5 Nxg3 18.fxg3 Nb6 19.Ne4 Nd5 20.Qa2 f5 21.axb5 cxb5 22.Nd6+ Rxd6
23.exd6 Qxd6 24.Qa3 Qxa3 25.Rxa3 Ne3 26.Rd2 Kc7 27.Re2 Nxf1 28.Kxf1 Re8 29.Ra1 Kb6
30.Rae1 Be4 31.Kf2 h5 32.h3 g4 33.hxg4 hxg4 34.Ke3 Bd3 35.Rb2 e5 36.Kd2 e4
37.Ke3 a5 38.Kf4 e3 39.Rxe3 Rxe3 40.Kxe3 Be4 41.Rd2 b4 42.d5 bxc3 43.Rd4 c2
44.Rxc4 Bxd5 45.Rxc2 a4 46.Kd4 Be4 47.Rb2+ Ka5 48.Kc3 a3 49.Rb3 Ka4 50.Rb4+ Ka5
51.Rb3  1/2-1/2

[Event "22nd Kreuz-Open"]
[Site "Lenk SUI"]
[Date "2010.04.05"]
[Round "7"]
[White "Erdelyi,T"]
[Black "Hajnal,Z"]
[Result "0-1"]
[WhiteElo "2143"]
[BlackElo "2404"]

1.Nf3 d5 2.c4 c6 3.Qc2 Nf6 4.g3 Bg4 5.Bg2 e6 6.O-O Nbd7 7.b3 Be7 8.Bb2 O-O
9.d3 h6 10.Nbd2 Bf5 11.a3 a5 12.Rac1 Bh7 13.Qb1 Qb6 14.Qa1 Rfc8 15.Ne5 Nxe5
16.Bxe5 Qd8 17.Bh3 Qf8 18.Bb2 Rd8 19.Nf3 Nd7 20.Rfe1 Kh8 21.Bg2 h5 22.h4 Kg8
23.Ng5 Bg6 24.Nh3 Bd6 25.Rc2 f6 26.Qc1 Nc5 27.b4 axb4 28.axb4 Nb3 29.Qe3 Bxb4
30.Rb1 dxc4 31.Rxc4 Nd2  0-1

[Event "1st LUCOPEN"]
[Site "Lille FRA"]
[Date "2010.04.05"]
[Round "3"]
[White "Dal Borgo,A"]
[Black "Barsov,A"]
[Result "0-1"]
[WhiteElo "2172"]
[BlackElo "2489"]

1.Nf3 d5 2.c4 d4 3.g3 Nc6 4.Bg2 e5 5.d3 Nf6 6.O-O a5 7.e3 dxe3 8.Bxe3 Be7
9.Nc3 O-O 10.Nb5 Bg4 11.h3 Bh5 12.g4 Bg6 13.d4 exd4 14.Nfxd4 Nxd4 15.Nxd4 c5
16.Nf5 Bxf5 17.gxf5 Bd6 18.Qf3 Rb8 19.Rad1 Qc7 20.Rd2 h6 21.Rfd1 Be5 22.Rd3 Rfe8
23.Rb3 Re7 24.Rb5 Bd4 25.Bf4 Be5 26.Be3 b6 27.Qc6 Qa7 28.Rb3 Rc7 29.Qb5 Rcc8
30.Rbd3 Qe7 31.Bf3 Bc7 32.a3 Qe5 33.Bg2 Qxf5 34.b4 axb4 35.axb4 Bf4 36.bxc5 Bxe3
37.Rxe3 Rxc5 38.Qb3 Qf4 39.Red3 Rxc4 40.Rd8+ Rxd8 41.Rxd8+ Kh7  0-1

[Event "Open"]
[Site "Thessaloniki GRE"]
[Date "2010.04.06"]
[Round "2"]
[White "Arduman,C"]
[Black "Tompros,A"]
[Result "1-0"]
[WhiteElo "2331"]
[BlackElo "1821"]

1.Nf3 d5 2.c4 dxc4 3.Na3 Nf6 4.Nxc4 e6 5.b3 c5 6.Bb2 Nc6 7.e3 Be7 8.Be2 O-O
9.O-O b6 10.a3 Bb7 11.Qc2 h6 12.Rad1 Rc8 13.Qb1 Qc7 14.Qa1 Rfd8 15.d3 Qb8
16.e4 Ne8 17.Nce5 Nxe5 18.Nxe5 Bf6 19.f4 Rc7 20.Rf3 Qa8 21.Rg3 Kf8 22.Rf1 Re7
23.f5 exf5 24.Rxf5 Bxe4 25.Rxf6 Nxf6 26.dxe4 Qxe4 27.Bd3 Qd5 28.Rf3 Rd6 29.Bc4 Qd1+
30.Rf1 Qxa1 31.Bxa1 Rd2 32.Nf3 Rd6 33.Be5 Rd8 34.Bxf6 gxf6 35.Nh4 Rd2 36.h3 Re4
37.Nf5 h5 38.h4 Re5 39.Kh2 Ra2 40.a4 Rd2 41.Rf3 Rd7 42.Ng3 Kg7 43.Bd3 Kf8
44.Kh3 Rd4 45.Bc4 Rd6 46.Kh2 Re2 47.Nxh5 Rd4 48.Kg3 Ree4 49.Nf4 Kg8 50.Bb5 Rd6
51.Nh5 Kf8 52.Nxf6  1-0

[Event "FSGM April"]
[Site "Budapest HUN"]
[Date "2010.04.10"]
[Round "8"]
[White "Gonda,L"]
[Black "Bindrich,F"]
[Result "1-0"]
[WhiteElo "2482"]
[BlackElo "2532"]

1.Nf3 d5 2.c4 c6 3.g3 Nf6 4.Bg2 dxc4 5.O-O Nbd7 6.Qc2 Nb6 7.a4 a5 8.Na3 Qd5
9.Ne1 Qf5 10.e4 Qh5 11.Nxc4 Nxc4 12.Qxc4 e5 13.d4 exd4 14.Qxd4 Bc5 15.Qc3 Bb4
16.Qc2 O-O 17.Nd3 Be7 18.h3 Be6 19.g4 Qh4 20.Ne5 Bxg4 21.Nxg4 Nxg4 22.hxg4 Qxg4
23.Be3 h5 24.Qd1 Qg6 25.Qd7 Bf6 26.Qf5 Qxf5 27.exf5 Rfe8 28.Rab1 Rab8 29.b3 Rbd8
30.Bb6 Rd7 31.Rbd1 Rxd1 32.Rxd1 Bc3 33.Bf3 Re5 34.Rd7  1-0

[Event "IV Open"]
[Site "La Laguna ESP"]
[Date "2010.04.10"]
[Round "8"]
[White "Herraiz Hidalgo,H"]
[Black "Pinto Henriquez,R"]
[Result "1/2-1/2"]
[WhiteElo "2488"]
[BlackElo "2212"]

1.Nf3 d5 2.c4 c6 3.e3 Nf6 4.Nc3 Nbd7 5.Qc2 a6 6.d4 b5 7.b3 e6 8.Be2 Be7 9.O-O O-O
10.Rd1 b4 11.Na4 Ne4 12.Bd3 Ndf6 13.Ne5 Bd7 14.Nxd7 Qxd7 15.f3 Nc3 16.Nxc3 bxc3
17.Qxc3 Ne8 18.Bb2 f5 19.Rac1 a5 20.cxd5 cxd5 21.Qc6 Qxc6 22.Rxc6 Kf7 23.e4 fxe4
24.fxe4 dxe4 25.Bxe4 Nf6 26.Rf1 Rfc8 27.d5 exd5 28.Bxd5+ Kg6 29.Re6 Ra7 30.Bc4 Rd8
31.Bc3 Bc5+ 32.Kh1 Rd6 33.Rxd6 Bxd6 34.Bd3+ Kf7 35.Bxh7 Rc7 36.Bb2 Bb4 37.g4 Ke7
38.Bf5 Bc3 39.Bc1 Nd5 40.Bg5+ Bf6 41.Re1+ Kf7 42.Bc1 Nb4 43.Bf4 Re7 44.Rxe7+ Bxe7
45.Bc7 Nxa2 46.Bxa5 Nb4 47.Kg2 Nc6 48.Bc3 Bf6 49.Bxf6 Kxf6 50.h4 Ke5 51.Kg3 Nb4
52.Bh7 Nc6 53.Bd3 Nb4 54.Bc4 Ke4 55.h5 Nc6 56.g5 Kf5 57.g6 Kg5 58.Be2 Nd4
59.Bd1 Nxb3 60.Bxb3 Kxh5 61.Bf7 Kg5 62.Kf3 Kf5 63.Ke3 Ke5 64.Kd3 Kf6 65.Ke4 Ke7
66.Kd5 Kf8 67.Ke6  1/2-1/2